000 nam a22 7a 4500
999 _c10784
_d10784
008 180223b ||||| |||| 00| 0 eng d
100 _aKundra, D N
_93407
245 _aSocial science -X
260 _aNew Delhi
_bDhanpod Rai Publication
_c2015